Văn học Trung đại Việt Nam - Nhìn từ thể loại tiểu thuyết truyền kỳ chữ Hán
保存先:
| 第一著者: | |
|---|---|
| フォーマット: | 図書 |
| 出版事項: |
Thành phố Hồ Chí Minh
Tổng hợp Thành phố Hồ Chí Minh
2020
|
| 主題: | |
| タグ: |
タグ追加
タグなし, このレコードへの初めてのタグを付けませんか!
|
| Thư viện lưu trữ: | Trung tâm Học liệu Lê Vũ Hùng, Trường Đại học Đồng Tháp |
|---|
| LEADER | 00908pam a22002538a 4500 | ||
|---|---|---|---|
| 001 | 00045880 | ||
| 005 | 20201023081023.0 | ||
| 008 | 110521s1998 ||||||Viesd | ||
| 020 | # | # | |a 9786045835432 |c 160000 |
| 041 | 0 | # | |a Vie |
| 082 | 1 | 4 | |a 895.922 09 |b V115H |
| 100 | 0 | # | |a Nguyễn, Phúc An |
| 245 | 0 | 0 | |a Văn học Trung đại Việt Nam - Nhìn từ thể loại tiểu thuyết truyền kỳ chữ Hán |c Nguyễn Phúc An |
| 260 | # | # | |a Thành phố Hồ Chí Minh |b Tổng hợp Thành phố Hồ Chí Minh |c 2020 |
| 300 | # | # | |a 400 tr. |c 23 cm |
| 653 | # | # | |a Chữ Hán |
| 653 | # | # | |a Văn học Việt Nam |
| 653 | # | # | |a Lịch sử |
| 653 | # | # | |a Phê bình |
| 653 | # | # | |a Tiểu thuyết |
| 653 | # | # | |a Việt Nam |
| 852 | # | # | |j KD.0027529 |
| 910 | # | # | |d 23/10/2020 |
| 980 | # | # | |a Trung tâm Học liệu Lê Vũ Hùng, Trường Đại học Đồng Tháp |


